Kebimbangan dan punca-punca kebimbangan di kalangan pelajar di sebuah sekolah menengah harian di Kuala Lumpur /
Saved in:
| Main Author: | |
|---|---|
| Format: | Thesis Book |
| Language: | Malay |
| Published: |
2000.
|
| Subjects: | |
| Online Access: | http://studentsrepo.um.edu.my/id/eprint/3079 |
| Tags: |
Add Tag
No Tags, Be the first to tag this record!
|
| LEADER | 01376cam a2200313 a 4500 | ||
|---|---|---|---|
| 001 | u478122 | ||
| 003 | SIRSI | ||
| 008 | 960110s2000 my a t 00 10 may m | ||
| 035 | |a ACO-4140 | ||
| 040 | |a UMM | ||
| 090 | |a LB7 |b UM 2000 Sumj | ||
| 100 | 0 | |a Sumarni Junin, |e author. | |
| 245 | 1 | 0 | |a Kebimbangan dan punca-punca kebimbangan di kalangan pelajar di sebuah sekolah menengah harian di Kuala Lumpur / |c Sumarni bt. Junin. |
| 264 | 1 | |c 2000. | |
| 264 | 4 | |c 2000. | |
| 300 | |a xi, 108 leaves : |b illustrations, ; |c 29 cm. | ||
| 336 | |a text |2 rdacontent | ||
| 337 | |a unmediated |2 rdamedia | ||
| 338 | |a volume |2 rdacarrier | ||
| 502 | |b M.Couns. |c Jabatan Psikologi Pendidikan dan Kaunseling, Fakulti Pendidikan Universiti Malaya |d 2000. | ||
| 504 | |a Bibliography: leaves 94-98. | ||
| 650 | 0 | |a Anxiety |x Student |z Kuala Lumpur. | |
| 710 | 2 | |a Universiti Malaya. |b Jabatan Psikologi Pendidikan dan Kaunseling, |e degree granting institution. | |
| 856 | 4 | 1 | |u http://studentsrepo.um.edu.my/id/eprint/3079 |
| 948 | |a 12/03/2001 |b 06/06/2002 | ||
| 596 | |a 1 8 | ||
| 999 | |a LB7 UM 2000 SUMJ |w LC |c 1 |i A510304708 |d 7/11/2014 |e 7/11/2014 |l STACKS |m P01UTAMA |n 16 |r Y |s Y |t TESIS |u 2/8/2001 | ||
| 999 | |a LB7 UM 2000 SUMJ |w LC |c 1 |i A511185363 |l STACKS |m P08PENDIDI |r Y |s Y |t TESIS |u 23/9/2003 | ||
| 999 | |a LB7 UM 2000 SUMJ |w LC |c 2 |i A517248550 |d 25/10/2018 |f 25/10/2018 |g 1 |l STACKS |m P08PENDIDI |r Y |s Y |t TESIS |u 25/10/2018 |1 AHSS | ||
